world map cities - Statistics

General Stats
  • This quiz has been taken 4 times
  • The average score is 46 of 69
Answer Stats
Answer Hint % Correct
Beijing CP China
100%
Canberra CP Australia
100%
Kabul Afghanistan
100%
London UK
100%
New York City New York
100%
Oslo Norway
100%
Pyongyang North Korea
100%
Tripoli Libya
100%
Amsterdam Netherlands
75%
Athens Greece
75%
Baghdad Iraq
75%
Berlin Germany
75%
Brussels Belgium
75%
Buenos Aires Argentina
75%
Cairo Egypt
75%
Caracas Venezuela
75%
Chicago Illinois
75%
Damascus Syria
75%
Delhi CP India
75%
Harare Zimbabwe
75%
Havana Cuba
75%
Houston Texas
75%
Istanbul NW Turkey
75%
Jakarta Indonesia
75%
Jerusalem *Israel
75%
Khartoum Sudan
75%
Kinshasa DR Congo
75%
Kolkata E India
75%
Kuala Lumpur Malaysia
75%
Lagos Nigeria
75%
Lima Peru
75%
Madrid Spain
75%
Manila Philippines
75%
Mecca Saudi Arabia
75%
Melbourne SE Australia
75%
Miami Florida
75%
Nairobi Kenya
75%
Paris France
75%
Rio de Janeiro Brazil
75%
Seoul South Korea
75%
Shanghai E China
75%
Taipei *Taiwan
75%
Tehran Iran
75%
Tokyo Japan
75%
Washington D.C. CP USA
75%
Auckland CP New zealand
50%
Bangkok Thailand
50%
Bogotá Colombia
50%
Cape Town CP South Africa
50%
Christchurch S New Zealand
50%
Guangzhou S China
50%
Hong Kong Sar China
50%
Johannesburg N South Africa
50%
Karachi Pakistan
50%
Los Angeles California
50%
Mexico City Mexico
50%
Moscow Russia
50%
Panama City Panama
50%
Perth W Australia
50%
Rome Italy
50%
Sydney E Australia
50%
Warsaw Poland
50%
Wellington CP New Zealand
50%
Detroit Michigan
25%
Dhaka Bangladesh
25%
Kampala Uganda
25%
Mogadishu Somalia
25%
Mumbai India
25%
Durban W South Africa
0%
No matching quizzes found
Score Distribution
Percent of People with Each Score
Percentile by Number Answered
Your Score History
You have not taken this quiz